[Event "Rewal 2011 - Open B"]
[Site "Rewal"]
[Date "2011.08.25"]
[Round "6.13"]
[White "Kosny, Marek"]
[Black "Borawski, Jakub"]
[Result "1-0"]
[WhiteElo "1945"]
[BlackElo "1897"]
[EventDate "2011.??.??"]
[PlyCount "59"]

1.Nf3 b6 2.g3 Bb7 3.Bg2 Nf6 4.c4 e6 5.Nc3 Bb4 6.O-O h5 7.d3 Qe7 8.Bg5 Bxc3
9.bxc3 d6 10.e4 e5 11.Nh4 Nbd7 12.f4 O-O-O 13.d4 Rdg8 14.Qa4 Kb8 15.c5 
bxc5 16.fxe5 dxe5 17.d5 Qe8 18.Qb5 a6 19.Qa5 Nb6 20.Qxc5 Nfd7 21.Qb4 f6 
22.Be3 g5 23.Nf5 Qg6 24.d6 c5 25.Bxc5 Nxc5 26.Qxc5 Qe8 27.Rab1 Nd7 28.Qb4 
Qc8 29.Kh1 Ka8 30.Ne7 1-0

[Event "Rewal 2011 - Open B"]
[Site "Rewal"]
[Date "2011.08.25"]
[Round "6.14"]
[White "Dzierzak, Radoslaw"]
[Black "Hasinski, Krystian"]
[Result "1/2-1/2"]
[WhiteElo "1813"]
[BlackElo "1971"]
[EventDate "2011.??.??"]
[PlyCount "131"]

1.e4 c6 2.d4 d5 3.Nc3 dxe4 4.Nxe4 Bf5 5.Ng3 Bg6 6.N1e2 h6 7.Nf4 Bh7 8.Bc4 
Nf6 9.O-O Nbd7 10.Ngh5 g5 11.Nd3 Nxh5 12.Qxh5 Bg6 13.Qf3 Bg7 14.c3 e6 15.
Re1 O-O 16.h4 Qf6 17.Qxf6 Bxf6 18.Ne5 Nxe5 19.dxe5 Be7 20.hxg5 Bxg5 21.
Bxg5 hxg5 22.Rad1 Rad8 23.Bb3 Kg7 24.f3 c5 25.Rd6 Rxd6 26.exd6 Kf6 27.Ba4 
a6 28.c4 Bd3 29.b4 b5 30.bxc5 bxa4 31.Rc1 Rd8 32.Rd1 Bxc4 33.c6 Bb5 34.c7 
Rc8 35.d7 Bxd7 36.Rxd7 a5 37.Kf2 e5 38.Rd6+ Ke7 39.Rd5 Rxc7 40.Rxe5+ Kf6 
41.Rxa5 Rc2+ 42.Kg3 Rxa2 43.Ra6+ Kg7 44.Ra5 Kg6 45.Kh3 Ra1 46.Kg4 f6 47.
Ra6 a3 48.Kg3 Kf5 49.Ra5+ Ke6 50.Kg4 Ra2 51.g3 Ra1 52.Ra6+ Ke5 53.f4+ gxf4
54.gxf4+ Ke4 55.Ra4+ Kd5 56.Kf5 a2 57.Kxf6 Kc5 58.f5 Kb5 59.Ra8 Kb4 60.Kf7
Kb3 61.f6 Rf1 62.Rxa2 Kxa2 63.Kg7 Re1 64.Kf8 Kb3 65.f7 Kc4 66.Kg7 1/2-1/2

[Event "Rewal 2011 - Open B"]
[Site "Rewal"]
[Date "2011.08.25"]
[Round "6.15"]
[White "Stankiewicz, Pawel"]
[Black "Trepkowski, Piotr"]
[Result "1-0"]
[WhiteElo "2064"]
[BlackElo "1838"]
[EventDate "2011.??.??"]
[PlyCount "63"]

1.e4 e5 2.Nf3 Nc6 3.Bb5 a6 4.Ba4 Nf6 5.O-O Be7 6.Re1 b5 7.Bb3 O-O 8.d4 d6 
9.c3 Bg4 10.d5 Na5 11.Bc2 c5 12.Nbd2 Nd7 13.h3 Bh5 14.Nf1 b4 15.g4 Bg6 16.
Ng3 bxc3 17.bxc3 Nc4 18.Qe2 Ncb6 19.Kh1 f6 20.c4 Re8 21.Rg1 Nf8 22.h4 Bf7 
23.g5 Ng6 24.Nf5 Qd7 25.h5 Nf8 26.Rb1 Rab8 27.N3h4 Kh8 28.g6 Bg8 29.Bh6 
hxg6 30.Bxg7+ Kh7 31.hxg6+ Nxg6 32.Qh5# 1-0

[Event "Rewal 2011 - Open B"]
[Site "Rewal"]
[Date "2011.08.25"]
[Round "6.16"]
[White "Cyboran, Katarzyna"]
[Black "Cieslar, Michal"]
[Result "0-1"]
[WhiteElo "1869"]
[BlackElo "1966"]
[EventDate "2011.??.??"]
[PlyCount "118"]

1.e4 d6 2.d4 g6 3.Nc3 Bg7 4.Be3 c6 5.Qd2 Qc7 6.O-O-O b5 7.f4 a5 8.Bd3 Nd7 
9.Qf2 b4 10.Nce2 Ba6 11.Bxa6 Rxa6 12.e5 e6 13.g4 h5 14.f5 dxe5 15.fxe6 
fxe6 16.gxh5 Rxh5 17.Qg3 Ne7 18.Nf3 Nf8 19.dxe5 Nf5 20.Qf2 Nxe3 21.Qxe3 
Bh6 22.Nf4 Rf5 23.Rd4 Rxf4 24.Rxf4 Qf7 25.Qd3 Qxf4+ 26.Kb1 Ra7 27.Rf1 Rd7 
28.Qa6 Qxf3 29.Qc8+ Ke7 30.Qxd7+ Nxd7 31.Rxf3 Nxe5 32.Rh3 Bg7 33.c3 c5 34.
Kc2 Nc4 35.Kb3 Nb6 36.cxb4 cxb4 37.Rg3 Kf7 38.Rf3+ Bf6 39.Rf1 Ke7 40.Rg1 
g5 41.Rc1 Kd6 42.Rf1 Be5 43.Rd1+ Kc5 44.Re1 Kd5 45.Rg1 Bf4 46.a3 bxa3 47.
bxa3 e5 48.Kc3 Na4+ 49.Kc2 Kc4 50.Rg4 Nc5 51.h4 gxh4 52.Rxh4 Ne6 53.Rh8 
Nd4+ 54.Kb2 Kd3 55.Rc8 Bd2 56.a4 e4 57.Re8 e3 58.Rh8 e2 59.Rh3+ Kc4 0-1

[Event "Rewal 2011 - Open B"]
[Site "Rewal"]
[Date "2011.08.25"]
[Round "6.17"]
[White "Przytula, Grzegorz"]
[Black "Stankowski, Aleksander"]
[Result "0-1"]
[WhiteElo "1955"]
[BlackElo "1863"]
[EventDate "2011.??.??"]
[PlyCount "120"]

1.e4 c6 2.d4 d5 3.e5 Bf5 4.Nf3 e6 5.Be2 c5 6.O-O Nc6 7.c4 dxc4 8.Bxc4 cxd4
9.Bb5 Bc5 10.b4 Bb6 11.Bg5 Qd5 12.a4 a6 13.Bxc6+ bxc6 14.Na3 Bd8 15.Bf4 
Bg4 16.Rc1 Bxf3 17.gxf3 Ne7 18.Rc5 Qd7 19.Nc4 O-O 20.a5 Rb8 21.Qa4 Nd5 22.
Bd2 Rb5 23.Nd6 Rxc5 24.bxc5 f6 25.f4 fxe5 26.fxe5 Nf4 27.Qc4 Qe7 28.Kh1 
Qh4 29.Rg1 Qxf2 30.Bxf4 Qf3+ 31.Rg2 Qxf4 32.Qxe6+ Kh8 33.Qg4 Qxe5 34.Re2 
Qxc5 35.Qe6 Qd5+ 36.Qxd5 cxd5 37.Re5 Bxa5 38.Rxd5 Bc3 39.Nf5 Kg8 40.Nxd4 
Bxd4 41.Rxd4 Ra8 42.Kg2 a5 43.Ra4 Kf7 44.Kf3 Ke6 45.Ke4 Kd6 46.Kd4 g5 47.
Kc4 h5 48.Kb5 Ke5 49.Kc6 Rc8+ 50.Kb6 Rb8+ 51.Kc6 Rc8+ 52.Kb6 Rc1 53.h4 g4 
54.Rxa5+ Kf4 55.Rxh5 g3 56.Rh8 Kf3 57.h5 g2 58.Rg8 Kf2 59.Rf8+ Ke1 60.Rg8 
Kf1 0-1

[Event "Rewal 2011 - Open B"]
[Site "Rewal"]
[Date "2011.08.25"]
[Round "6.18"]
[White "Zielinski, Olgierd"]
[Black "Faron, Rafal"]
[Result "1/2-1/2"]
[WhiteElo "1943"]
[BlackElo "1816"]
[EventDate "2011.??.??"]
[PlyCount "50"]

1.e4 Nf6 2.e5 Nd5 3.d4 d6 4.c4 Nb6 5.exd6 cxd6 6.Nc3 g6 7.Be3 Bg7 8.Rc1 
O-O 9.b3 f5 10.g3 Nc6 11.Bg2 e5 12.dxe5 dxe5 13.Qxd8 Rxd8 14.c5 Nd7 15.Nd5
Nf6 16.Bg5 Rxd5 17.Bxf6 e4 18.Bxg7 Kxg7 19.Ne2 Nb4 20.Nf4 Nd3+ 21.Nxd3 
Rxd3 22.Bf1 Rd4 23.Rc4 Rxc4 24.Bxc4 Kf6 25.Kd2 Be6 1/2-1/2

[Event "Rewal 2011 - Open B"]
[Site "Rewal"]
[Date "2011.08.25"]
[Round "6.19"]
[White "Szczecina, Kamil"]
[Black "Barburzynska, Magdalena"]
[Result "0-1"]
[WhiteElo "1779"]
[BlackElo "1936"]
[EventDate "2011.??.??"]
[PlyCount "112"]

1.e4 c5 2.Nf3 Nc6 3.d4 cxd4 4.Nxd4 g6 5.Nc3 Bg7 6.Be3 Nf6 7.f3 Qa5 8.Qd2 
O-O 9.Bc4 Qb4 10.Nxc6 bxc6 11.Bb3 d5 12.exd5 cxd5 13.O-O-O e6 14.Bh6 Nh5 
15.Bxg7 Kxg7 16.g4 Nf6 17.h4 h5 18.Rdg1 d4 19.Qf4 Qb8 20.Qxd4 e5 21.Qe3 
hxg4 22.h5 Qb6 23.Qg5 Nh7 24.Qxe5+ Qf6 25.Qh2 Ng5 26.hxg6 Qxg6 27.Qe5+ Qf6
28.Qxf6+ Kxf6 29.fxg4 Bb7 30.Rf1+ Kg6 31.Bd5 Rab8 32.Bxb7 Rxb7 33.Rf5 Rb4 
34.Rg1 Rfb8 35.b3 Rh8 36.Nd5 Rxg4 37.Ne7+ Kh5 38.Rxg4 Kxg4 39.Ra5 Ra8 40.
c4 Ne6 41.Rf5 Rf8 42.c5 f6 43.Rd5 Rf7 44.Rd7 Nxc5 45.Rxa7 f5 46.b4 Nd3+ 
47.Kd2 Nxb4 48.a4 f4 49.Ke2 f3+ 50.Kf1 Nd5 51.Nc6 Rxa7 52.Nxa7 Kg3 53.Nc6 
Ne3+ 54.Ke1 f2+ 55.Ke2 f1=Q+ 56.Kxe3 Qc1+ 0-1

[Event "Rewal 2011 - Open B"]
[Site "Rewal"]
[Date "2011.08.25"]
[Round "6.20"]
[White "Swiech, Piotr"]
[Black "Karwowski, Kacper"]
[Result "1/2-1/2"]
[WhiteElo "1929"]
[BlackElo "1729"]
[EventDate "2011.??.??"]
[PlyCount "66"]

1.d4 Nf6 2.c4 e5 3.d5 Bc5 4.e3 d6 5.Nc3 O-O 6.Bd2 Bb4 7.Qc2 Qe7 8.Nge2 
Nbd7 9.Ng3 Bxc3 10.Bxc3 g6 11.f3 Ne8 12.e4 Ng7 13.O-O-O a5 14.b3 Nc5 15.a3
Bd7 16.Kb2 b6 17.Bd3 f5 18.Rdf1 fxe4 19.Nxe4 Nxe4 20.fxe4 Rxf1 21.Rxf1 Rf8
22.Qe2 Nh5 23.g3 Nf6 24.Bd2 Bg4 25.Qg2 Nd7 26.h3 Nc5 27.Bc2 Bd7 28.Be3 
Rxf1 29.Qxf1 Qf8 30.Qg2 Qc8 31.g4 Qd8 32.Qf2 Kg7 33.Bd2 Qf6 1/2-1/2

[Event "Rewal 2011 - Open B"]
[Site "Rewal"]
[Date "2011.08.25"]
[Round "6.21"]
[White "Czernicki, Bogdan"]
[Black "Tomczak, Mikolaj"]
[Result "1/2-1/2"]
[WhiteElo "1916"]
[BlackElo "1693"]
[EventDate "2011.??.??"]
[PlyCount "120"]

1.d4 d5 2.Nf3 Nf6 3.Bg5 Nbd7 4.Nbd2 c6 5.e3 h6 6.Bh4 e6 7.Bd3 Be7 8.O-O 
O-O 9.c4 c5 10.cxd5 exd5 11.b3 Ne4 12.Bxe7 Qxe7 13.Rc1 b6 14.Qc2 Bb7 15.
Qb2 Rae8 16.Rfe1 f5 17.Bb5 a6 18.Bxd7 Qxd7 19.Ne5 Rxe5 20.dxe5 d4 21.exd4 
cxd4 22.b4 Rd8 23.f3 Ng5 24.Nc4 Ne6 25.Nxb6 Qb5 26.Nc4 Nf4 27.Qd2 g5 28.
Nd6 Rxd6 29.exd6 d3 30.Kh1 Qd5 31.Re8+ Kf7 32.Re7+ Kg6 33.Rcc7 Nxg2 34.
Rg7+ Kh5 35.Rc1 Nf4 36.Rf1 Bc6 37.h4 Qd4 38.Rg8 Bxf3+ 39.Kh2 Be2 40.Rxf4 
Qxd6 41.hxg5 hxg5 42.Rh8+ Kg6 43.Rg8+ Kh6 44.Kg3 Qxf4+ 45.Qxf4 gxf4+ 46.
Kxf4 d2 47.Rd8 d1=Q 48.Rxd1 Bxd1 49.Kxf5 Ba4 50.Ke6 Kg5 51.Kd5 Kf4 52.Kd4 
Bb5 53.Kc3 Ke3 54.Kb3 Kd3 55.a4 Bc4+ 56.Kb2 Kd4 57.b5 a5 58.b6 Bd5 59.b7 
Bxb7 60.Kb3 Kd3 1/2-1/2

[Event "Rewal 2011 - Open B"]
[Site "Rewal"]
[Date "2011.08.25"]
[Round "6.22"]
[White "Bes, Michal"]
[Black "Drela, Michal"]
[Result "1-0"]
[WhiteElo "1906"]
[BlackElo "1459"]
[EventDate "2011.??.??"]
[PlyCount "51"]

1.e4 e6 2.d4 d5 3.Nc3 dxe4 4.Nxe4 Nf6 5.Bg5 Be7 6.Bxf6 Bxf6 7.Nf3 Nd7 8.c3
O-O 9.Bd3 b6 10.Qe2 a5 11.Neg5 g6 12.h4 e5 13.dxe5 Nxe5 14.Nxe5 Bxe5 15.
O-O-O Bf4+ 16.Kb1 Qf6 17.Ne4 Qe5 18.g3 Bh6 19.f4 Qe7 20.h5 Bg7 21.hxg6 
fxg6 22.Bc4+ Kh8 23.Ng5 Bf5+ 24.Ka1 Qxg5 25.fxg5 Rfe8 26.Qh2 1-0

[Event "Rewal 2011 - Open B"]
[Site "Rewal"]
[Date "2011.08.25"]
[Round "6.23"]
[White "Wacior, Maciej"]
[Black "Grzesik, Norbert"]
[Result "1/2-1/2"]
[WhiteElo "1664"]
[BlackElo "1901"]
[EventDate "2011.??.??"]
[PlyCount "41"]

1.d4 e6 2.c4 b6 3.Nc3 Bb7 4.Bf4 Nf6 5.e3 Be7 6.Nf3 O-O 7.Be2 d5 8.Nb5 Na6 
9.O-O Ne4 10.cxd5 Bxd5 11.Nc3 Nxc3 12.bxc3 Bb7 13.Bd3 c5 14.a3 h6 15.Ne5 
Bg5 16.Qg4 Bxf4 17.Qxf4 Rc8 18.Rfc1 Nc7 19.Qg3 Nd5 20.Ng4 Kh8 21.Qh3 
1/2-1/2

[Event "Rewal 2011 - Open B"]
[Site "Rewal"]
[Date "2011.08.26"]
[Round "6.25"]
[White "Luka, Krzysztof"]
[Black "Krzysztofiak, Zdzislaw"]
[Result "1-0"]
[WhiteElo "1873"]
[BlackElo "1656"]
[EventDate "2011.??.??"]
[PlyCount "81"]

1.d4 Nf6 2.c4 e6 3.Nf3 d5 4.Nc3 Bb4 5.Bg5 h6 6.Bh4 g5 7.Bg3 Ne4 8.Rc1 Nc6 
9.e3 Nxg3 10.hxg3 g4 11.Nd2 Bxc3 12.bxc3 Qg5 13.Be2 f5 14.Qb3 dxc4 15.Nxc4
Rb8 16.Nb2 Bd7 17.Nd3 b6 18.c4 Na5 19.Qb2 Rh7 20.Ne5 Nc6 21.Nxd7 Rxd7 22.
d5 Ne7 23.dxe6 Rd6 24.c5 Rxe6 25.Bc4 Qf6 26.Qa3 Re4 27.Bd3 Re6 28.Qxa7 Rd8
29.Bc4 Re4 30.O-O h5 31.Qxc7 Rc8 32.Bb5+ Kf7 33.Qxb6 Qg5 34.Bc4+ Kf8 35.
Rfd1 Rc6 36.Qd8+ Kg7 37.Rd7 Kf6 38.Bd5 Rc8 39.Qb6+ Kg7 40.Bxe4 fxe4 41.Qb7
1-0

[Event "Rewal 2011 - Open B"]
[Site "Rewal"]
[Date "2011.08.25"]
[Round "6.26"]
[White "Murawko, Katarzyna"]
[Black "Skomial, Mateusz"]
[Result "0-1"]
[WhiteElo "1796"]
[BlackElo "2068"]
[EventDate "2011.??.??"]
[PlyCount "60"]

1.e4 e5 2.Nf3 Nf6 3.d3 Nc6 4.Nc3 h6 5.Be2 d5 6.exd5 Nxd5 7.Nxd5 Qxd5 8.c3 
Bf5 9.Be3 Bc5 10.Bxc5 Qxc5 11.Qa4 O-O 12.O-O Rad8 13.Rad1 Rd6 14.Qb3 b6 
15.Rd2 Rfd8 16.Rfd1 a5 17.a4 Be6 18.Qc2 Qd5 19.d4 Qb3 20.Qe4 exd4 21.Nxd4 
Nxd4 22.cxd4 Qxa4 23.Qe5 Bb3 24.Rc1 c5 25.Rd3 Re6 26.Qh5 Rde8 27.Re3 Qxd4 
28.Rcc3 Rxe3 29.fxe3 Rxe3 30.Rxe3 Qxe3+ 0-1

[Event "Rewal 2011 - Open B"]
[Site "Rewal"]
[Date "2011.08.26"]
[Round "6.27"]
[White "Mirski, Michal"]
[Black "Jagodzinski, Waldemar"]
[Result "0-1"]
[WhiteElo "1776"]
[BlackElo "2029"]
[EventDate "2011.??.??"]
[PlyCount "58"]

1.e4 c5 2.Nf3 d6 3.d4 cxd4 4.Nxd4 Nf6 5.f3 e5 6.Nb5 a6 7.N5a3 d5 8.exd5 
Qxd5 9.Bd3 Bc5 10.Qe2 Nc6 11.c3 O-O 12.Bc4 Qd6 13.Bg5 Bf5 14.Be3 Nd4 15.
Qd2 Qb6 16.cxd4 exd4 17.Bf2 Bb4 18.Nc3 dxc3 19.bxc3 Rfe8+ 20.Kf1 Bc5 21.g4
Rad8 22.Bxc5 Qxc5 23.Qb2 Bd3+ 24.Bxd3 Rxd3 25.Kg2 Qe3 26.Qxb7 Ne4 27.Rhf1 
Rd2+ 28.Kh3 Qe2 29.Qc7 Nd6 0-1

[Event "Rewal 2011 - Open B"]
[Site "Rewal"]
[Date "2011.08.26"]
[Round "6.28"]
[White "Hagner, Pawel"]
[Black "Graczyk, Damian"]
[Result "0-1"]
[WhiteElo "1781"]
[BlackElo "1991"]
[EventDate "2011.??.??"]
[PlyCount "116"]

1.d4 b6 2.Nf3 f5 3.g3 Bb7 4.Bg2 Nf6 5.e3 e6 6.c4 Bb4+ 7.Bd2 Bxd2+ 8.Nbxd2 
O-O 9.O-O Qe7 10.a3 d6 11.Rc1 Nbd7 12.b4 c5 13.Qb3 Rfd8 14.Rfd1 e5 15.d5 
e4 16.Ng5 Nxd5 17.Ngxe4 N5f6 18.Nc3 Bxg2 19.Kxg2 Ne5 20.Nd5 Nxd5 21.cxd5 
Rf8 22.Kg1 Rf6 23.Re1 Raf8 24.f4 c4 25.Nxc4 Nf3+ 26.Kg2 Nxe1+ 27.Rxe1 Qe4+
28.Kf2 Rc8 29.Nd2 Qc2 30.Re2 Qxb3 31.Nxb3 Rc3 32.Rb2 Rd3 33.Nd4 Rxa3 34.
Rc2 Kf7 35.h3 h5 36.Rc7+ Kg6 37.Rd7 a5 38.b5 Ra2+ 39.Kf3 a4 40.Rb7 a3 41.
Rxb6 Rb2 42.Ra6 a2 43.b6 Rf7 44.Ne2 Rb7 45.Nc3 R7xb6 46.Rxa2 Rxa2 47.Nxa2 
Rb5 48.Nc3 Rc5 49.Ne2 Rxd5 50.Nd4 Ra5 51.g4 hxg4+ 52.hxg4 fxg4+ 53.Kxg4 
Kf6 54.Kf3 d5 55.Kg4 Ra4 56.Kf3 Rxd4 57.exd4 Kf5 58.Ke3 Kg4 0-1

[Event "Rewal 2011 - Open B"]
[Site "Rewal"]
[Date "2011.08.26"]
[Round "6.29"]
[White "Jacel, Lukasz"]
[Black "Wielek, Thomas"]
[Result "1-0"]
[WhiteElo "1979"]
[BlackElo "1787"]
[EventDate "2011.??.??"]
[PlyCount "67"]

1.g3 d5 2.Bg2 f5 3.d4 Nf6 4.Nh3 e6 5.Nf4 c5 6.e3 Nc6 7.O-O b5 8.dxc5 Bxc5 
9.a4 bxa4 10.c4 Nb4 11.Nc3 Ba6 12.Nxe6 Qe7 13.Qxa4+ Kf7 14.Nxc5 Qxc5 15.b3
dxc4 16.Ba3 Rab8 17.Bxb4 Rxb4 18.Qxa6 cxb3 19.Qxa7+ Qxa7 20.Rxa7+ Kg6 21.
Rb7 Rxb7 22.Bxb7 Rb8 23.Bf3 Rc8 24.Na4 Rc4 25.Nb2 Rc2 26.Rb1 Ne4 27.Bxe4 
fxe4 28.Nd1 Kf5 29.Kg2 Rd2 30.Nc3 b2 31.Na4 h5 32.Rxb2 Rd5 33.Nc3 Re5 34.
Rb5 1-0

[Event "Rewal 2011 - Open B"]
[Site "Rewal"]
[Date "2011.08.25"]
[Round "6.30"]
[White "Poswiatowski, Michal"]
[Black "Szolc, Grzegorz"]
[Result "1/2-1/2"]
[WhiteElo "1971"]
[BlackElo "1760"]
[EventDate "2011.??.??"]
[PlyCount "44"]

1.e4 g6 2.d4 Bg7 3.Nf3 c6 4.Bd3 d5 5.e5 f6 6.O-O Bg4 7.exf6 exf6 8.h3 Bxf3
9.Qxf3 Ne7 10.Nc3 O-O 11.Ne2 Qd7 12.Re1 Re8 13.Nf4 f5 14.c3 Nc8 15.Rxe8+ 
Qxe8 16.Bd2 Nd6 17.Re1 Ne4 18.Qd1 Qf7 19.Bc1 Nd7 20.f3 Nef6 21.Ne6 Bh8 22.
Bh6 Nb6 1/2-1/2

[Event "Rewal 2011 - Open B"]
[Site "Rewal"]
[Date "2011.08.25"]
[Round "6.31"]
[White "Duda, Ryszard"]
[Black "Szusterowski, Przemyslaw"]
[Result "0-1"]
[WhiteElo "1760"]
[BlackElo "1916"]
[EventDate "2011.??.??"]
[PlyCount "72"]

1.e4 c5 2.Nf3 d6 3.d4 cxd4 4.Nxd4 Nf6 5.Nc3 a6 6.f3 e6 7.Be3 b5 8.Qd2 Nbd7
9.O-O-O Bb7 10.g4 h6 11.h4 b4 12.Nce2 Qa5 13.Kb1 Ne5 14.Nc1 d5 15.Ncb3 Qa4
16.exd5 Nxd5 17.Rg1 Rd8 18.Bd3 Nxd3 19.cxd3 Be7 20.Bf2 Qd7 21.f4 Qc7 22.
Bg3 Bd6 23.Rgf1 Qb6 24.Qf2 a5 25.Nd2 Bc5 26.Nc4 Qa7 27.Qe2 Bxd4 28.f5 e5 
29.Nxe5 O-O 30.Nc4 Rfe8 31.Qh2 Ne3 32.Nxe3 Rxe3 33.Bf4 Rf3 34.h5 Bf6 35.
Be5 Rdxd3 36.Rxd3 Rxf1+ 0-1

[Event "Rewal 2011 - Open B"]
[Site "Rewal"]
[Date "2011.08.25"]
[Round "6.32"]
[White "Lizak, Jakub"]
[Black "Starczewska, Dominika"]
[Result "1/2-1/2"]
[WhiteElo "1772"]
[BlackElo "1909"]
[EventDate "2011.??.??"]
[PlyCount "75"]

1.e4 c5 2.Nf3 Nc6 3.d4 cxd4 4.Nxd4 Nf6 5.Nc3 e5 6.Ndb5 d6 7.Bg5 a6 8.Na3 
b5 9.Bxf6 gxf6 10.Nd5 f5 11.c3 Bg7 12.Bd3 Be6 13.Qh5 Rb8 14.Nc2 f4 15.O-O 
O-O 16.Rad1 a5 17.a3 Ne7 18.g3 Ng6 19.Ne1 Qd7 20.f3 f5 21.exf5 Bxf5 22.Be4
Qa7+ 23.Kh1 Bxe4 24.fxe4 fxg3 25.Nf3 g2+ 26.Kxg2 Bf6 27.Ng5 Bxg5 28.Qxg5 
Qg7 29.Kh1 Rxf1+ 30.Rxf1 Rf8 31.Rxf8+ Qxf8 32.Qf6 Qb8 33.h4 Qf8 34.Qxf8+ 
Kxf8 35.h5 Nh4 36.Nc7 Ke7 37.Nxb5 Nf3 38.Kg2 1/2-1/2

[Event "Rewal 2011 - Open B"]
[Site "Rewal"]
[Date "2011.08.25"]
[Round "6.33"]
[White "Beczala, Pawel"]
[Black "Adamczyk, Piotr"]
[Result "1/2-1/2"]
[WhiteElo "1730"]
[BlackElo "1889"]
[EventDate "2011.??.??"]
[PlyCount "45"]

1.e4 d5 2.Nc3 d4 3.Nce2 e5 4.Ng3 Be6 5.Bb5+ c6 6.Ba4 Nd7 7.Bb3 Ngf6 8.d3 
a5 9.Nf3 Bg4 10.c3 dxc3 11.bxc3 a4 12.Bc2 b5 13.O-O Bd6 14.h3 Be6 15.Ng5 
h6 16.Nxe6 fxe6 17.Nh5 O-O 18.Be3 Qe8 19.Nxf6+ Nxf6 20.d4 Rd8 21.Qe2 Nh5 
22.Rad1 Bc7 23.Rd3 1/2-1/2

[Event "Rewal 2011 - Open B"]
[Site "Rewal"]
[Date "2011.08.25"]
[Round "6.34"]
[White "Zhuk, Ivan"]
[Black "Wrobel, Maciej"]
[Result "1/2-1/2"]
[WhiteElo "1584"]
[BlackElo "1868"]
[EventDate "2011.??.??"]
[PlyCount "54"]

1.e4 e5 2.d4 exd4 3.Qxd4 Nc6 4.Qe3 Nf6 5.Bd2 Bb4 6.Bxb4 Nxb4 7.Qc5 Nc6 8.
Nc3 d6 9.Qe3 O-O 10.O-O-O Re8 11.Bc4 Qe7 12.f3 Be6 13.Bxe6 Qxe6 14.Qd2 a5 
15.Nge2 b5 16.b3 a4 17.Nxb5 axb3 18.cxb3 Qe5 19.Nec3 Reb8 20.Nxc7 Rxa2 21.
Qxa2 Qxc3+ 22.Qc2 Qe3+ 23.Kb2 Nd4 24.Rxd4 Qxd4+ 25.Kb1 Qa4 26.Kb2 Qd4+ 27.
Kb1 Qa4 1/2-1/2

[Event "Rewal 2011 - Open B"]
[Site "Rewal"]
[Date "2011.08.25"]
[Round "6.37"]
[White "Klimek, Marcin"]
[Black "Szmer, Aleksander"]
[Result "0-1"]
[WhiteElo "1827"]
[BlackElo "1618"]
[EventDate "2011.??.??"]
[PlyCount "94"]

1.e4 e6 2.d4 d5 3.Nc3 Bb4 4.e5 c5 5.a3 Bxc3+ 6.bxc3 Ne7 7.h4 Nbc6 8.h5 h6 
9.Nf3 Qa5 10.Bd2 Bd7 11.g3 O-O-O 12.Bh3 Qb6 13.Be3 Qb2 14.Bd2 cxd4 15.Rb1 
Qxa3 16.cxd4 f6 17.exf6 gxf6 18.Qe2 Rde8 19.O-O Kb8 20.Rb3 Qa4 21.Rfb1 b6 
22.Bf4+ Kb7 23.Bxe6 Nf5 24.Re3 Nfxd4 25.Nxd4 Nxd4 26.Bxd5+ Bc6 27.Re7+ 
Rxe7 28.Qxe7+ Ka6 29.Qe4 Bxd5 30.Qxd5 Ne2+ 31.Kf1 Nxf4 32.gxf4 Rc8 33.Qb3 
Qc4+ 34.Qd3 Kb7 35.Qxc4 Rxc4 36.Ke2 Rxf4 37.Ke3 Rf5 38.Rh1 a5 39.f4 Kc6 
40.c4 a4 41.Rh2 a3 42.Ke4 Ra5 43.Ra2 Kc5 44.Kf5 Kxc4+ 45.Kxf6 Kb3 46.Ra1 
Kb2 47.Rh1 Rc5 0-1

[Event "Rewal 2011 - Open B"]
[Site "Rewal"]
[Date "2011.08.25"]
[Round "6.36"]
[White "Cyra, Dariusz"]
[Black "Karpacz, Piotr"]
[Result "0-1"]
[WhiteElo "1830"]
[BlackElo "1739"]
[EventDate "2011.??.??"]
[PlyCount "82"]

1.d4 d5 2.c4 e6 3.Nc3 f5 4.e3 Nf6 5.Nf3 c6 6.Be2 Bd6 7.Ne5 O-O 8.f4 Nbd7 
9.O-O Ne4 10.Nxe4 dxe4 11.Bd2 Qe7 12.c5 Bc7 13.b4 Nf6 14.a4 Nd5 15.b5 Bxe5
16.fxe5 Qg5 17.Qb3 Bd7 18.Bc4 Rab8 19.Bxd5 exd5 20.Rab1 Qg6 21.Ba5 Rbe8 
22.Be1 Qh6 23.Bg3 g5 24.a5 f4 25.Be1 Qe6 26.bxc6 Bxc6 27.Qd1 Re7 28.Bd2 
Ref7 29.Qh5 f3 30.gxf3 exf3 31.Kf2 Rg7 32.Rg1 Qf5 33.Rb2 Qd3 34.Bc1 Bb5 
35.Qh3 Kh8 36.Qe6 a6 37.Qxd5 Qe2+ 38.Kg3 f2 39.Rxe2 fxg1=Q+ 40.Rg2 Qe1+ 
41.Kg4 Qh4# 0-1

[Event "Rewal 2011 - Open B"]
[Site "Rewal"]
[Date "2011.08.25"]
[Round "6.35"]
[White "Klimek, Piotr"]
[Black "Kuspak, Aleksander"]
[Result "1/2-1/2"]
[WhiteElo "1899"]
[BlackElo "1862"]
[EventDate "2011.??.??"]
[PlyCount "152"]

1.e4 c5 2.c4 e6 3.Nf3 a6 4.Be2 Qc7 5.O-O d6 6.d4 cxd4 7.Nxd4 Nf6 8.Nc3 Be7
9.Be3 b6 10.Rc1 Bb7 11.f3 Nbd7 12.Qd2 O-O 13.Rfd1 Rfe8 14.Bf1 Rac8 15.b3 
Qb8 16.Qf2 Bd8 17.g3 Bc7 18.Bh3 Ne5 19.Nc2 Ba8 20.Nb4 Qb7 21.Bg2 Nfd7 22.
h3 Nc5 23.f4 Ned7 24.Nd3 Bb8 25.Nxc5 bxc5 26.Rd2 Nf8 27.Rcd1 Qb4 28.Rd3 
Bc6 29.Nb1 Qb7 30.Nc3 Qb4 31.Qc2 e5 32.f5 Qb7 33.Nd5 Bxd5 34.Rxd5 Nd7 35.
g4 f6 36.Qd2 Nb6 37.Rd3 d5 38.exd5 Bd6 39.Be4 Rf8 40.Qg2 Qf7 41.Bd2 Nd7 
42.Rg3 Kh8 43.Rc1 Rb8 44.Qf1 Rfc8 45.Qe1 Qf8 46.h4 Qf7 47.Rh3 Kg8 48.g5 
Kf8 49.g6 Qg8 50.gxh7 Qxh7 51.h5 Ke7 52.Qg3 Rh8 53.Kf2 Rbg8 54.a3 Rb8 55.
Rg1 Rhg8 56.Qg6 Qh8 57.Rhg3 Nf8 58.Qg4 Nd7 59.h6 a5 60.h7 Rgf8 61.Qxg7+ 
Rf7 62.Qxh8 Rxh8 63.Rg7 Rxh7 64.Rxf7+ Kxf7 65.Bxa5 Rh4 66.Bc2 e4 67.Bd2 
Ne5 68.Ke3 Nf3 69.Be1 Rh2 70.Rf1 Rxc2 71.Kxe4 Nd4 72.b4 Re2+ 73.Kd3 Rh2 
74.bxc5 Bxc5 75.Bf2 Rh3+ 76.Ke4 Nb3 1/2-1/2

[Event "Rewal 2011 - Open B"]
[Site "Rewal"]
[Date "2011.08.25"]
[Round "6.38"]
[White "Bilczewski, Kacper"]
[Black "Miczek, Szczepan"]
[Result "1/2-1/2"]
[WhiteElo "1531"]
[BlackElo "1823"]
[EventDate "2011.??.??"]
[PlyCount "56"]

1.e4 c6 2.d4 d5 3.Nc3 dxe4 4.Nxe4 Bf5 5.Ng3 Bg6 6.h4 h6 7.Bd3 Bxd3 8.Qxd3 
e6 9.Nf3 Nd7 10.Bf4 Ngf6 11.O-O-O Qa5 12.Kb1 O-O-O 13.c4 Ng4 14.Be3 Ndf6 
15.Ne4 Nxe4 16.Qxe4 Nxe3 17.fxe3 Kb8 18.Ne5 Qc7 19.Rhf1 f5 20.Qf3 Bd6 21.
Ng6 Rhe8 22.c5 Qf7 23.h5 Bc7 24.g4 Kc8 25.Rd3 e5 26.Qxf5+ Qxf5 27.gxf5 
exd4 28.exd4 Rd5 1/2-1/2

[Event "Rewal 2011 - Open B"]
[Site "Rewal"]
[Date "2011.08.25"]
[Round "6.39"]
[White "Statucki, Maciej"]
[Black "Smal, Tobiasz"]
[Result "0-1"]
[WhiteElo "1817"]
[BlackElo "1711"]
[EventDate "2011.??.??"]
[PlyCount "74"]

1.e4 c5 2.Nf3 d6 3.d4 cxd4 4.Nxd4 Nf6 5.Nc3 a6 6.Bg5 e6 7.f4 Be7 8.Qf3 Qc7
9.Bd3 Nbd7 10.O-O-O b5 11.g4 b4 12.Nce2 Bb7 13.Bxf6 gxf6 14.Rhe1 O-O 15.h4
Rfe8 16.Kb1 Nc5 17.Ng3 d5 18.e5 Nxd3 19.Rxd3 fxe5 20.fxe5 Bxh4 21.Re2 a5 
22.Rdd2 Bg5 23.Rd1 Ba6 24.Ree1 a4 25.Nh5 a3 26.Nf6+ Kh8 27.Rh1 h6 28.Rxh6+
Bxh6 29.Rh1 Kg7 30.Nh5+ Kg8 31.Qf6 Bd3 32.Rh2 Bg6 33.g5 Bf8 34.Qf3 Qxe5 
35.Nf6+ Kg7 36.Rd2 Bxc2+ 37.Rxc2 Qe1+ 0-1

[Event "Rewal 2011 - Open B"]
[Site "Rewal"]
[Date "2011.08.25"]
[Round "6.40"]
[White "Sroka, Janusz"]
[Black "Panczuk, Joanna"]
[Result "1-0"]
[WhiteElo "2088"]
[BlackElo "1678"]
[EventDate "2011.??.??"]
[PlyCount "83"]

1.e4 d5 2.exd5 Qxd5 3.Nc3 Qa5 4.d4 c6 5.Bc4 Nf6 6.Nf3 Bf5 7.Ne5 e6 8.g4 
Be4 9.O-O Bd5 10.Qe2 Bd6 11.Bd3 Qb6 12.Nxd5 cxd5 13.Bb5+ Nfd7 14.c3 Qa5 
15.Bf4 Qc7 16.Bg3 Nc6 17.f4 Bxe5 18.fxe5 Nb6 19.Rf2 O-O-O 20.Raf1 Rhf8 21.
Bd3 h6 22.h4 f6 23.Kg2 Qe7 24.exf6 gxf6 25.Re1 Rde8 26.Bg6 e5 27.Bxe8 Rxe8
28.Qf3 Qd7 29.Qxf6 Qxg4 30.Qf5+ Qxf5 31.Rxf5 e4 32.Ref1 Nc4 33.Rf8 Rxf8 
34.Rxf8+ Kd7 35.Rf7+ Ne7 36.Rh7 Ne3+ 37.Kh3 Nf5 38.Bf4 e3 39.Kg4 e2 40.Bd2
Ke6 41.Kf3 Kf6 42.h5 1-0

[Event "Rewal 2011 - Open B"]
[Site "Rewal"]
[Date "2011.08.25"]
[Round "6.41"]
[White "Bregoszewski, Leon"]
[Black "Skiba, Marta"]
[Result "1/2-1/2"]
[WhiteElo "1821"]
[BlackElo "1715"]
[EventDate "2011.??.??"]
[PlyCount "97"]

1.d4 Nf6 2.f4 e6 3.Nf3 c5 4.e3 d5 5.c3 g6 6.Bd3 Bg7 7.Nbd2 Nbd7 8.O-O O-O 
9.Ne5 Qc7 10.Qe2 b6 11.Ndf3 Ne4 12.Bxe4 dxe4 13.Ng5 Bb7 14.Qc2 Nf6 15.Nh3 
Rad8 16.Qe2 Nd5 17.Bd2 f6 18.Ng4 Qc8 19.Rfd1 Ba6 20.Qe1 e5 21.Ngf2 exd4 
22.cxd4 cxd4 23.Nxe4 dxe3 24.Bb4 Nxb4 25.Qxb4 Rxd1+ 26.Rxd1 e2 27.Re1 Rd8 
28.Nhf2 f5 29.Ng3 Qe6 30.a4 Rd4 31.Qa3 Rxf4 32.Nh3 Bd4+ 33.Kh1 Rf1+ 34.
Rxf1 exf1=R+ 35.Nxf1 Bxf1 36.Qf3 Ba6 37.Qa8+ Qc8 38.Qd5+ Kf8 39.Qxd4 Qc1+ 
40.Ng1 Qc4 41.Qh8+ Qg8 42.Qf6+ Qf7 43.Qd6+ Qe7 44.Qd4 Kf7 45.h3 Bb7 46.Qh8
Ke6 47.Qc3 Qc5 48.Qg7 Qe7 49.Qc3 1/2-1/2